01666nam a2200433 i 450000100060000000300080000600500170001400600190003100700150005000800410006502000270010603500230013303500240015603500250018003500210020504000310022605000230025708000080028008200150028824500770030326400400038030000530042033600310047333700330050433800430053750000230058050400290060358801270063259001590075965000290091865000330094765000460098065000560102665500270108270000250110979700190113485600620115399900170121520088FlNmELB20241216213822.0m o d | cr cnu||||||||151003s2006 ag ob 001 0 spa d a9781413564914 (e-book) a(MiAaPQ)EBC3167493 a(Au-PeEL)EBL3167493 a(CaPaEBR)ebr10117207 a(OCoLC)949149227 aFINmELBbspaerdacFINmELB 4aQA76.15bG563 2006 a0040 a004.0322300aGlosario de términos informáticos /cMiguel Sosa Flores [y otros 3]. 1a[Santa Fe] :bEl Cid Editor,c2006. a1 recurso en línea (102 páginas sin numerar) atextobtxt2rdacontent/spa acomputadorabc2rdamedia/spa arecurso en líneabcr2rdacarrier/spa aContiene índice. aContiene bibliografía. aDescripción basada en recurso en línea; Título de la página del título en PDF (e-libro, visto October 03, 2015). aRecurso electronico. Santa Fe, Arg. : e-libro, 2014. Disponible via World Wide Web. El acceso puede ser limitado para las bibliotecas afiliadas a e-libro. 0aComputersvDictionaries. 4aInformáticavDiccionarios. 0aElectronic data processingvDictionaries. 4aProcesamiento electrónico de datosvDiccionarios. 4aLibros electrónicos.1 aSosa Flores, Miguel.2 ae-libro, Corp.40uhttps://elibro.net/ereader/politecnicointernacional/35032 c20088d20088